000 01021nam a2200337 a 4500
008 030204s2002slocxo af r 0 slo c
020 _a8088897866
_c10
040 _aSNK
_bslo
_cSNK
_eAACR2
041 1 _aslo
043 _ae-xo---
044 _axo
_cSK
080 _a32-051
080 _a323(437.6)
080 _a929 Dzurinda, Mikuláš
080 _a32-051
080 _a323
080 _a328/329
080 _a(437.6)
080 _a(0:82-4)
100 1 _aDzurinda, Mikuláš
_d1955-
_4aut
245 1 0 _aKde je vôľa, tam je cesta
_bmôj maratón
_cMikuláš Dzurinda
250 _a[1. vyd.]
260 _a[Levice]
_bL.C.A.
_c2002
300 _a111 s., [15] s. fareb. fotogr. príl.
_bfareb. fotogr.
_c20 cm
600 1 _aDzurinda, Mikuláš
_d1955-
_xčinnosť politická
_2SNK
600 1 _aDzurinda, Mikuláš
_d1955-
_2SNK
650 0 7 _apolitici
_zSlovensko
_ystor. 20.
_2SNK
651 0 7 _aSlovensko
_xpolitika vnútorná
_ystor. 20.
_2SNK
651 0 7 _aSlovensko
_xpolitika a vláda
_2SNK
958 _aAPP
999 _c15288
_d15288